| 000 | 00583nam a2200169Ia 4500 | ||
|---|---|---|---|
| 999 |
_c27321 _d27321 |
||
| 041 | _aEnglish | ||
| 082 | _aRL.0051 | ||
| 100 |
_aLal, Harbans _uCSK Himachal Pradesh krishi vishvavidyalaya Palampur _vPalampur, Himachal Pradesh |
||
| 245 | 0 |
_aEmerging issues in dairy production and management in Himachal Pradesh / _cHarbans Lal |
|
| 260 |
_aNew Delhi : _bIndian Council oF Social Science Research, _c2016 |
||
| 300 | _a126 p. | ||
| 536 | _aIndian Council of Social Science Research | ||
| 546 | _aEnglish | ||
| 650 | _aAgriculture | ||
| 650 | _aDairy products | ||
| 942 |
_cRP _2ddc |
||